How to cook everything vegetarian : (Record no. 217)

MARC details
000 -LEADER
fixed length control field 00948cam a22002778a 4500
005 - DATE AND TIME OF LATEST TRANSACTION
control field 20260322212011.0
008 - FIXED-LENGTH DATA ELEMENTS--GENERAL INFORMATION
fixed length control field data
010 ## - LIBRARY OF CONGRESS CONTROL NUMBER
LC control number 2006036937
020 ## - INTERNATIONAL STANDARD BOOK NUMBER
International Standard Book Number 9780764524837 (cloth)
020 ## - INTERNATIONAL STANDARD BOOK NUMBER
International Standard Book Number 0764524836 (cloth)
040 ## - CATALOGING SOURCE
Original cataloging agency DLC
Transcribing agency DLC
Modifying agency DLC
050 00 - LIBRARY OF CONGRESS CALL NUMBER
Classification number TX837
Item number .B5284 2007
082 00 - DEWEY DECIMAL CLASSIFICATION NUMBER
Classification number 641.5/636
Edition information 22
092 ## - LOCALLY ASSIGNED DEWEY CALL NUMBER (OCLC)
Classification number 641.5 B5284 2007
001 - CONTROL NUMBER
control field data
100 1# - MAIN ENTRY--PERSONAL NAME
Personal name Bittman, Mark.
245 10 - TITLE STATEMENT
Title How to cook everything vegetarian :
Remainder of title simple recipes for great food /
Statement of responsibility, etc. Mark Bittman.
260 ## - PUBLICATION, DISTRIBUTION, ETC.
Place of publication, distribution, etc. Hoboken, NJ :
Name of publisher, distributor, etc. Wiley,
Date of publication, distribution, etc. c2007.
263 ## - PROJECTED PUBLICATION DATE
Projected publication date 0709
300 ## - PHYSICAL DESCRIPTION
Extent p. cm.
500 ## - GENERAL NOTE
General note Includes index.
650 #0 - SUBJECT ADDED ENTRY--TOPICAL TERM
Topical term or geographic name entry element Vegetarian cookery.
856 41 - ELECTRONIC LOCATION AND ACCESS
Materials specified Table of contents only
Uniform Resource Identifier <a href="http://www.loc.gov/catdir/toc/ecip074/2006036937.html">http://www.loc.gov/catdir/toc/ecip074/2006036937.html</a>
856 42 - ELECTRONIC LOCATION AND ACCESS
Materials specified Publisher description
Uniform Resource Identifier <a href="http://www.loc.gov/catdir/enhancements/fy0740/2006036937-d.html">http://www.loc.gov/catdir/enhancements/fy0740/2006036937-d.html</a>
856 42 - ELECTRONIC LOCATION AND ACCESS
Materials specified Contributor biographical information
Uniform Resource Identifier <a href="http://www.loc.gov/catdir/enhancements/fy0743/2006036937-b.html">http://www.loc.gov/catdir/enhancements/fy0743/2006036937-b.html</a>
Holdings
Withdrawn status Lost status Damaged status Not for loan Home library Current library Shelving location Date acquired Total checkouts Full call number Barcode Date last seen Price effective from Koha item type
        Fairview Fairview General stacks 22/03/2026   641.5/636 22 BC0010225 22/03/2026 22/03/2026 Books